000
00346 a2200169 4500
001
162913
020
_a
85-329-0559-5
040
_c
Magnum
100
_a
Jose, Elias
240
1
0
_a
Baú de sonhos
_l
por
245
1
0
_a
Baú de sonhos
300
_a
30
362
0
_a
1997
440
1
_a
Lê
697
_a
LITERATURA INFANTO-JUVENIL
942
_c
BK
999
_c
162913
_d
162913